| 000 | 00803nam a2200253 a 4500 | ||
|---|---|---|---|
| 008 | |||
| 020 | _a0750695056 (hbk.) | ||
| 049 | _aMAIN | ||
| 090 | 0 | _aTK7874 | |
| 245 | 0 | 4 |
_aThe art and science of analog circuit design / _cedited by Jim Williams. |
| 260 |
_aBoston : _bButterworth-Heinemann, _cc1995. |
||
| 300 |
_axv, 398 p. : _bill. ; _c26 cm. |
||
| 440 | 0 | _aEDN series for design engineers. | |
| 500 | _aIncludes index. | ||
| 504 | _aIncludes bibliographical references. | ||
| 650 | 0 |
_aLinear integrated circuits _xDesign and construction. |
|
| 650 | 0 | _aElectronic circuit design. | |
| 700 | 1 | _aWilliams, Jim. | |
| 907 |
_a.b10139953 _b28-05-13 _c15-11-04 |
||
| 003 | |||
| 005 | 20230123133846.0 | ||
| 040 | _cNUST | ||
| 942 |
_cBOOKS _kTK7874 |
||
| 999 |
_c155850 _d155850 |
||